00581nam a2200229Ia 4500008004100000020001500041040000600056041001200062082000900074082001100083100002100094245002500115245002100140260001400161260003200175260000900207300005500216300001200271365002500283501002800308650001500336141004s9999 xx 000 0 und d a8126117532 ca aEnglish a1.42 bMAN/RE a Manoj Sharma  aResearch methodology c Manoj Sharma  aNew Delhi bAnmol publications PVT.LTD. c2004 a400 p.  b22.5 cm aRs.700.00  aKAUCOF  aHypothesis